Colorado 100k cities - Statistics

General Stats
  • This quiz has been taken 58 times
  • The average score is 8 of 12
Answer Stats
Hint Answer % Correct
488,664 Colorado Springs
100%
716,577 Denver
100%
395,052 Aurora
91%
105,898 Boulder
84%
170,376 Fort Collins
81%
111,077 Pueblo
75%
106,883 Centennial
56%
121,414 Arvada
53%
144,922 Thornton
50%
112,609 Greeley
47%
155,961 Lakewood
44%
114,875 Westminster
44%
No matching quizzes found
Score Distribution
Percent of People with Each Score
Percentile by Number Answered
Your Score History
You have not taken this quiz